000 00251nam a2200097Ia 4500
008 230915s9999 xx 000 0 und d
050 _aP96.T42 S77 1997
100 _aTHOMAS STREISSGUTH
245 0 _aCOMMUNICATIONS; SENDING THE MESSAGE
942 _cBK
999 _c172900
_d172900